=LDR 00000nam 2200000 4500 =001 INLIS000000000033927 =005 20151214111151.0 =006 =007 =008 ind =035 ##$$0010-061300000033927 =041 ##$$a ind =082 ##$$a 745.5 =090 ##$$a 745.5, Sit k =100 ##$$a Siti,Maryam Tatang =245 ##$$a Kreasi biji dan buah kering, untuk dekorasi interior rumah dan resto,serta cendramata, Siti maryam tatang;Editor,Yustina koen s =260 ##$$a 2007 $b Jakarta =300 ##$$a 72 hlm, Ilus, 15 cm =650 ##$$a Dekorasi-Hiasan =700 ##$$a Kun, Yustina s =850 ##$$a NBPNMAT =990 ##$$a 87738773 =990 ##$$a 01201708773 =990 ##$$a 0001/BPAP-NTB/2015